Chemical engineering kinetics (Record no. 6589)

000 -LEADER
fixed length control field 00510nam a2200193 4500
001 - CONTROL NUMBER
control field 6589
003 - CONTROL NUMBER IDENTIFIER
control field BD-DhUET
008 - FIXED-LENGTH DATA ELEMENTS--GENERAL INFORMATION
fixed length control field 700825s1970 nyua b 001 0 eng
040 ## - CATALOGING SOURCE
Transcribing agency 0
Modifying agency BD-DhUET
Original cataloging agency DLC
082 00 - DEWEY DECIMAL CLASSIFICATION NUMBER
Classification number 541.39
Item number SMI/1970
100 ## - MAIN ENTRY--PERSONAL NAME
Personal name Smith, J. M.
245 10 - TITLE STATEMENT
Title Chemical engineering kinetics
250 ## - EDITION STATEMENT
Edition statement 2nd ed.
260 ## - PUBLICATION, DISTRIBUTION, ETC. (IMPRINT)
Place of publication, distribution, etc. New York
Name of publisher, distributor, etc. McGraw-Hill
Date of publication, distribution, etc. 1970
300 ## - PHYSICAL DESCRIPTION
Extent xviii, 612p.
Other physical details ill.
490 0# - SERIES STATEMENT
Series statement McGraw-Hill chemical engineering series
650 #0 - SUBJECT ADDED ENTRY--TOPICAL TERM
Topical term or geographic name as entry element Kinetics : Physical chemistry
942 ## - ADDED ENTRY ELEMENTS (KOHA)
Koha item type General Book
Holdings
Koha item type Date acquired Koha date last seen Withdrawn status Lost status Location (home branch) Price effective from Source of classification or shelving scheme Piece designation (barcode) Koha full call number Shelving location Sublocation or collection (holding branch) Not for loan Koha normalized classification for sorting Copy number Damaged status
General Book2014-12-042014-12-04  Central Library, BUET2014-12-04 84576541.39/SMI/1970Circulation sectionCentral Library, BUET 541_390000000000000_SMI_19701 
General Book2014-12-122014-12-12  Central Library, BUET2014-12-12 29865541.39/SMI/1970Circulation sectionCentral Library, BUET 541_390000000000000_SMI_19702 
General Book2014-12-122014-12-12  Central Library, BUET2014-12-12 29867541.39/SMI/1970Circulation sectionCentral Library, BUET 541_390000000000000_SMI_19703 
General Book2014-12-122014-12-12  Central Library, BUET2014-12-12 29863541.39/SMI/1970Circulation sectionCentral Library, BUET 541_390000000000000_SMI_19704 
General Book2015-03-112015-03-11  Central Library, BUET2015-03-11 29871541.39/SMI/1970Circulation sectionCentral Library, BUET 541_390000000000000_SMI_19705 
General Book2015-03-142015-03-14  Central Library, BUET2015-03-14 29868541.39/SMI/1970Circulation sectionCentral Library, BUET 541_390000000000000_SMI_19706 
General Book2015-03-142015-03-14  Central Library, BUET2015-03-14 37045541.39/SMI/1970Circulation sectionCentral Library, BUET 541_390000000000000_SMI_19707 
General Book2015-04-232015-04-23  Central Library, BUET2015-04-23 29869541.39/SMI/1970Circulation sectionCentral Library, BUET 541_390000000000000_SMI_19708 
General Book2015-04-232015-04-23  Central Library, BUET2015-04-23 29859541.39/SMI/1970Circulation sectionCentral Library, BUET 541_390000000000000_SMI_19709 
General Book2015-04-262015-04-26  Central Library, BUET2015-04-26 29870541.39/SMI/1970Circulation sectionCentral Library, BUET 541_390000000000000_SMI_197010 
General Book2015-04-262015-04-26  Central Library, BUET2015-04-26 29861541.39/SMI/1970Circulation sectionCentral Library, BUET 541_390000000000000_SMI_197011 
General Book2015-04-272015-04-27  Central Library, BUET2015-04-27 25967541.39/SMI/1970Circulation sectionCentral Library, BUET 541_390000000000000_SMI_197012 
General Book2015-04-272015-04-27  Central Library, BUET2015-04-27 29860541.39/SMI/1970Circulation sectionCentral Library, BUET 541_390000000000000_SMI_197013 
Reading Item2015-06-082015-06-08  Central Library, BUET2015-06-08 29862541.39/SMI/1970Reading sectionCentral Library, BUET 541_390000000000000_SMI_197014 
Reading Item2015-06-082015-06-08  Central Library, BUET2015-06-08 29866541.39/SMI/1970Reading sectionCentral Library, BUET 541_390000000000000_SMI_197015 
Reading Item2015-06-082015-06-08  Central Library, BUET2015-06-08 29872541.39/SMI/1970Reading sectionCentral Library, BUET 541_390000000000000_SMI_197016 
Reading Item2015-06-082015-06-08  Central Library, BUET2015-06-08 29864541.39/SMI/1970Reading sectionCentral Library, BUET 541_390000000000000_SMI_197017